000 00297nam a22001217a 4500
008 170623b xxu||||| |||| 00| 0 eng d
041 _aeng
080 _a94
100 _a18
101 _aSHH
245 _aWESTERN SOCIETIES PRIMARY SOURCES IN SOCIAL HISTORY
_cGOLDEN.R.M
942 _2udc
_cBK
999 _c19022
_d19022